Capitales sans les lettres de "Achgabat" - Statistiques

Statistiques générales
  • Ce quiz a été pris 19 fois
    4 depuis la dernière actualisation
  • Le résultat moyen est 8 sur 13
Statistiques - réponses
Continents Capitales % Correct
Europe Londres
100%
Europe Oslo
100%
Asie Pékin
100%
Europe Kiev
67%
Afrique Lomé
67%
Europe Rome
67%
Asie Séoul
67%
Europe Skopje
67%
Asie Dili
33%
Europe Minsk
33%
Afrique Moroni
33%
Europe Vienne
33%
Europe Vilnius
33%
Aucun quiz correspondant
Distribution des résultats
% des personnes avec chaque résultat
Percentile par nombre de réponses
Votre historique - résultats
Vous n’avez pas pris ce quiz depuis la dernière actualisation